Italia arcobaleno : luoghi, personaggi e itinerari storico-culturali LGBT /

Guardat en:
Dades bibliogràfiques
Autor principal: Dall'Orto, Giovanni, (1958- ) (Autor)
Altres autors: Basili, Massimo (Illustrador)
Format: Llibre
Idioma:italià
Publicat: Milano : Sonda, 2020
Etiquetes: Afegir etiqueta
Sense etiquetes, Sigues el primer a etiquetar aquest registre!

MARC

LEADER 00000nam a22000007i 4500
001 IT\ICCU\RT1\0122158
003 ItRI
005 20260508115705.0
008 200608s2020 it |||||| ||||| |||||c
020 |a 9788872240922 
040 |b ita  |c Arcigay Genova 
041 7 |a ita  |2 ISO-639-2 
082 |a 914.504  |2 23 
100 1 |a Dall'Orto, Giovanni,  |d  (1958- )  |0 IT\ICCU\CFIV\072597  |4 aut 
240 1 0 |a Italia arcobaleno  |9 Dall'Orto, Giovanni <1958- > 
245 1 0 |a Italia arcobaleno :  |b luoghi, personaggi e itinerari storico-culturali LGBT /  |c Giovanni Dall'Orto ; Massimo Basili. 
260 |a Milano :  |b Sonda,  |c 2020 
300 |a 239 p. :  |b ill. ;  |c 21 cm 
700 1 |a Basili, Massimo  |0 IT\ICCU\UM1V\000143  |4 ill 
942 |2 ddc  |c BK 
952 |0 0  |1 0  |2 ddc  |4 0  |6 914_504000000000000_DAL_ITA  |7 0  |9 3734  |a AN  |b AN  |d 2025-03-28  |l 0  |o 914.504 DAL ITA  |p 10993  |r 2025-03-28 20:09:47  |w 2025-03-28  |y BK 
952 |0 0  |1 0  |2 ddc  |4 0  |6 914_504000000000000_DAL_ITA  |7 1  |9 8049  |a GE  |b GE  |d 2025-07-15  |l 0  |o 914.504 DAL ITA  |p 2106  |r 2025-07-15 17:31:11  |w 2025-07-15  |x scritte e sottolineature all'interno  |y BK  |z Fondo Giovanni Delfino 
952 |0 0  |1 0  |4 0  |6 DOC_914_504000000000000_DAL  |7 0  |9 20846  |a BO  |b BO  |d 2026-01-15  |i 19573  |l 0  |o DOC 914.504 DAL  |p BO19573  |r 2026-01-15 23:21:38  |w 2026-01-15  |x [Sebina 5] [1 v.]  |y BK  |z 1 v. 
952 |0 0  |1 0  |2 ddc  |4 0  |6 914_000000000000000_DAL_ITA  |7 0  |9 33412  |a MI  |b MI  |d 2026-05-02  |l 0  |o 914 DAL ITA  |p 11912  |r 2026-05-02 15:44:02  |w 2026-05-02  |y BK 
999 |c 2916  |d 2916